Modelos empresariales para la gestión organizacional y financiera en las mipymes /

Bibliographic Details
Other Authors: Peña Lapeira, Camilo José (Editor)
Format: Electronic eBook
Language:Spanish
Published: Bogotá D.C. : Corporación Universitaria Minuto de Dios - UNIMINUTO, [2020]
Subjects:
Online Access:Digitalia Hispánica

MARC

LEADER 00000nam a2200000Ii 4500
001 DIGCUMD0017
003 NyNyDIG
008 231122s2020 ck a ob 000 0 spa d
006 m o d
007 cr |||||||||||
035 |a (OCoLC)1356004509 
040 |a DGITA  |b eng  |e rda  |e pn  |c DGITA 
020 |a 9789587636734  |q eBook  
020 |z 9789587634129 
050 1 4 |a HD58.82 ebook 
245 0 0 |a Modelos empresariales para la gestión organizacional y financiera en las mipymes /  |c compilador, Camilo José Peña Lapeira. 
264 1 |a Bogotá D.C. :  |b Corporación Universitaria Minuto de Dios - UNIMINUTO,  |c [2020] 
300 |a 1 online resource :  |b illustrations. 
336 |a text  |b txt  |2 rdacontent 
337 |a computer  |b c  |2 rdamedia 
338 |a online resource  |b cr  |2 rdacarrier 
347 |a text file  |2 rdaft 
347 |b PDF 
504 |a Includes bibliographical references. 
588 0 |a Online resource; title from PDF title page (Digitalia, viewed November 22, 2023) 
650 0 |a Organizational learning.  
650 0 |a Business planning.  
650 0 |a Strategic planning.  
650 0 |a Organizational effectiveness.  
700 1 |a Peña Lapeira, Camilo José,  |e editor. 
791 2 |a Digitalia (Firm),  |e distributor. 
793 0 |g Digitalia eBook Collection:  |a Corporación Universitaria Minuto de Dios  
776 0 8 |i Print version:  |t Modelos empresariales para la gestión organizacional y financiera en las mipymes.  |b Primera edición.  |d Bogotá D.C. : Corporación Universitaria Minuto de Dios - UNIMINUTO, [2020]  |z 9789587634129 
856 4 0 |3 Digitalia Hispánica  |u https://www.digitaliapublishing.com/a/131618/ 
910 |a Premium collection: 2023